| 000 | 00933nam a22002537a 4500 | ||
|---|---|---|---|
| 005 | 20170124103046.0 | ||
| 010 | _aA-952042 | ||
| 020 | _c100.00 | ||
| 035 | _aA-952042 | ||
| 037 | _bCen Lib/Ret | ||
| 040 |
_aDPL _bHN |
||
| 082 |
_aक _bमनोह |
||
| 100 |
_aमनोहर लाल _968982 |
||
| 245 |
_aबिरादरी की नाक / _cमनोहर लाल |
||
| 246 |
_aBiradari ki naak / _bby Manohar Lal |
||
| 260 |
_aनयी दिल्ली _bमंजुली प्रकाशन _c1998 |
||
| 270 |
_a1/67, आर. के. पुरम _bनयी दिल्ली _e110022 |
||
| 300 |
_a80पृ. _c21सेमी (सजिल्द) |
||
| 650 |
_aहिन्दी साहित्य _968983 |
||
| 650 |
_aकहानी संग्रह _968984 |
||
| 650 |
_aHindi literature _968985 |
||
| 650 |
_aStory collection _968986 |
||
| 942 |
_2ddc _cHN _hक _mमनोह |
||
| 999 |
_c116920 _d116920 |
||